Die 20 größten Inseln Deutschlands - Statistiken

Allgemein
  • Dieses Quiz wurde 466 mal gespielt
  • Das Durchschnittsergebnis liegt bei 10 aus 20
Antwortstatistiken
Fläche (km²) Insel % Korrekt
99,2 Sylt
96%
926,0 Rügen
93%
30,7 Borkum
72%
373,0 Usedom
72%
185,4 Fehmarn
68%
26,3 Norderney
68%
20,4 Amrum
61%
19,7 Langeoog
59%
82,9 Föhr
58%
18,2 Spiekeroog
58%
16,4 Juist
56%
7,9 Wangerooge
56%
34,3 Poel
49%
6,5 Baltrum
47%
37,4 Pellworm
40%
19,0 Hiddensee
37%
5,9 Hooge
23%
11,6 Langeneß
13%
19,6 Ummanz
10%
9,4 Norderoogsand
9%
Keine übereinstimmenden Quizze gefunden
Verteilung der Resultate
Anzahl Personen mit jedem Resultat
Perzentil nach korrekt beantworteten Fragen
Ihre Resultats-Entwicklung
Sie haben dieses Quiz noch nicht gespielt